| 000 | 00927nac a22002411u 4500 | ||
|---|---|---|---|
| 010 | _a 2005934283 | ||
| 020 | _a0324314612 | ||
| 020 | _a0324314620 | ||
| 020 | _a0534274943 (Infotrac college ed. passcode card) | ||
| 082 |
_a330 _bC263 |
||
| 090 |
_c2413 _d2413 |
||
| 100 | _aCarbaugh, Robert J., | ||
| 245 | 1 | 0 |
_aContemporary economics : _ban applications approach / _cRobert J. Carbaugh. |
| 250 | _a4th ed. | ||
| 260 |
_aMason, OH : _bThomson/South-Western,2007 _c2007. |
||
| 300 |
_axxii, 464 p. : _bill. ; _c25 cm. |
||
| 500 | _aIncludes passcode to InfoTrac College Edition, the Online Library (www.infotrac-college.com). | ||
| 504 | _aIncludes bibliographical references and index. | ||
| 650 | 0 | _aEconomics. | |
| 651 | 0 |
_aUnited States _xEconomic conditions. |
|
| 942 |
_cBB _k330 C263 |
||
| 999 |
_c2413 _d2413 |
||